<?xml version="1.0" encoding="UTF-8"?>
<record
    xmlns:xsi="http://www.w3.org/2001/XMLSchema-instance"
    xsi:schemaLocation="http://www.loc.gov/MARC21/slim http://www.loc.gov/standards/marcxml/schema/MARC21slim.xsd"
    xmlns="http://www.loc.gov/MARC21/slim">

  <leader>00867nam a22002057a 4500</leader>
  <controlfield tag="003">OSt</controlfield>
  <controlfield tag="005">20241128100937.0</controlfield>
  <controlfield tag="008">241128b        |||||||| |||| 00| 0 eng d</controlfield>
  <datafield tag="020" ind1=" " ind2=" ">
    <subfield code="a">0406850704</subfield>
  </datafield>
  <datafield tag="040" ind1=" " ind2=" ">
    <subfield code="c">Central University Library</subfield>
  </datafield>
  <datafield tag="245" ind1=" " ind2=" ">
    <subfield code="a">The All England Law Reports 1961 Vol. 2</subfield>
    <subfield code="c">Editors: Cyril King, Q.C.; and J. T. Edgerley</subfield>
  </datafield>
  <datafield tag="260" ind1=" " ind2=" ">
    <subfield code="a">London, United Kingdom</subfield>
    <subfield code="b">Butterworth &amp; Co. (Publishers) Ltd.</subfield>
    <subfield code="c">1961</subfield>
  </datafield>
  <datafield tag="300" ind1=" " ind2=" ">
    <subfield code="a">xxxvl, 976 pages</subfield>
    <subfield code="c">23.5 cm</subfield>
  </datafield>
  <datafield tag="490" ind1=" " ind2=" ">
    <subfield code="3">Law Reports</subfield>
  </datafield>
  <datafield tag="500" ind1=" " ind2=" ">
    <subfield code="a">THE ALL ENGLAND LAW REPORTS INCORPORATING THE LAW TIMES REPORTS AND LAW JOURNAL REPORTS - 1961 VOLUME 2.</subfield>
  </datafield>
  <datafield tag="600" ind1=" " ind2=" ">
    <subfield code="2">Law Reports </subfield>
    <subfield code="x">England</subfield>
  </datafield>
  <datafield tag="700" ind1=" " ind2=" ">
    <subfield code="a">Cyril King, Q.C. (Bencher of Middle Temple)</subfield>
    <subfield code="e">Consulting Editor for Taxation Cases</subfield>
  </datafield>
  <datafield tag="700" ind1=" " ind2=" ">
    <subfield code="a">J. T. Edgerley, (of the Inner Temple and Lincoln's Inn, Barristers-at-Law)</subfield>
    <subfield code="e">General Editor</subfield>
  </datafield>
  <datafield tag="942" ind1=" " ind2=" ">
    <subfield code="2">lcc</subfield>
    <subfield code="c">BK</subfield>
    <subfield code="n">0</subfield>
  </datafield>
  <datafield tag="999" ind1=" " ind2=" ">
    <subfield code="c">1678</subfield>
    <subfield code="d">1678</subfield>
  </datafield>
  <datafield tag="952" ind1=" " ind2=" ">
    <subfield code="0">0</subfield>
    <subfield code="1">0</subfield>
    <subfield code="2">lcc</subfield>
    <subfield code="4">0</subfield>
    <subfield code="7">0</subfield>
    <subfield code="8">NFIC</subfield>
    <subfield code="a">MLL</subfield>
    <subfield code="b">MLL</subfield>
    <subfield code="c">GEN</subfield>
    <subfield code="d">2024-11-28</subfield>
    <subfield code="l">0</subfield>
    <subfield code="o">ELR61 Vol. 2</subfield>
    <subfield code="p">LLM00001264</subfield>
    <subfield code="r">2024-11-28 10:12:03</subfield>
    <subfield code="t">1</subfield>
    <subfield code="w">2024-11-28</subfield>
    <subfield code="y">BK</subfield>
  </datafield>
</record>
